Countries By Continent Map Quiz #3 - Statistics

General Stats
  • This quiz has been taken 36 times
  • The average score is 42 of 46
Answers on the Map
Answers color-coded by a green-red scale on the quiz's map according to % correct below.
 
Answer Stats
Answer % Correct
Denmark
100%
Poland
100%
Italy
100%
Sweden
100%
United Kingdom
100%
Albania
97%
Andorra
97%
Finland
97%
France
97%
Germany
97%
Greece
97%
Ireland
97%
Lithuania
97%
Monaco
97%
Netherlands
97%
Norway
97%
Portugal
97%
Russia
97%
Serbia
97%
Spain
97%
Switzerland
97%
Ukraine
97%
Vatican City
97%
Belgium
93%
Luxembourg
93%
Montenegro
93%
Austria
90%
Belarus
90%
Bosnia And Herzegovina
90%
Bulgaria
90%
Croatia
90%
Estonia
90%
Hungary
90%
Iceland
90%
San Marino
90%
Slovenia
90%
Kosovo
86%
Latvia
86%
Liechtenstein
86%
Romania
86%
Slovakia
86%
Czechia
83%
Malta
83%
North Macedonia
83%
Moldova
79%
Cyprus
69%
No matching quizzes found
Score Distribution
Percent of People with Each Score
Percentile by Number Answered
Your Score History
You have not taken this quiz